El vocabulari del cava (Registre núm. 68455)
[ vista simple ]
| 000 -LEADER | |
|---|---|
| campo de control de longitud fija | 00473nmm a2200181 4500 |
| 008 - DATOS DE LONGITUD FIJA--INFORMACIÓN GENERAL | |
| campo de control de longitud fija | 230116s2022 o | cat d |
| 041 ## - CÓDIGO DE IDIOMA | |
| Código de lengua del texto/banda sonora o título independiente | cat |
| 245 ## - MENCIÓN DEL TÍTULO | |
| Título | El vocabulari del cava |
| Medio | [en línia] |
| 260 ## - PUBLICACIÓN, DISTRIBUCIÓN, ETC. | |
| Lugar de publicación, distribución, etc. | Vilafranca del Penedès |
| Nombre del editor, distribuidor, etc. | D.O. Cava |
| Fecha de publicación, distribución, etc. | 2022 |
| 520 ## - RESUMEN, ETC. | |
| Nombre de termes | 63 |
| 546 ## - NOTA DE IDIOMA | |
| Llengua de les definicions | català |
| 592 ## - Tipus obra | |
| Tipus d'obra | Obra terminològica |
| 593 ## - Codi CGAT | |
| Codi de la CGAT | KRV |
| 650 #0 - PUNTO DE ACCESO ADICIONAL DE MATERIA--TÉRMINO DE MATERIA | |
| Término de materia o nombre geográfico como elemento de entrada | caves |
| 9 (RLIN) | 61870 |
| 856 ## - LOCALIZACIÓN Y ACCESO ELECTRÓNICOS | |
| Identificador Uniforme de Recursos | <a href="https://www.cava.wine/ca/origen/glossari/">https://www.cava.wine/ca/origen/glossari/</a> |
| 901 ## - ELEMENTOS DE DATOS A LOCAL LDA (RLIN) | |
| c | <2022> |
| 942 ## - ELEMENTOS DE ENTRADA SECUNDARIOS (KOHA) | |
| Tipo de ítem Koha | Monografia |
| Fuente del sistema de clasificación o colocación | Clasificación Decimal Dewey |
| Suprimir en OPAC | No |
| Estatus retirado | Estado de pérdida | Estado de daño | No para préstamo | Biblioteca de origen | Biblioteca actual | Fecha de adquisición | Total de préstamos | Código de barras | Visto por última vez | Identificador Uniforme de Recursos | Precio de reemplazo | Tipo de ítem Koha |
|---|---|---|---|---|---|---|---|---|---|---|---|---|
| TERMCAT | TERMCAT | 16/01/2023 | P_68545 | 16/01/2023 | https://www.cava.wine/ca/origen/glossari/ | 16/01/2023 | MO |